Memorial literario, instructivo y curioso de la corte de Madrid. (Record no. 1447)

MARC details
000 -LEADER
campo de control de longitud fija 01373nas a2200325 i 4500
001 - NÚMERO DE CONTROL
campo de control 1447
003 - IDENTIFICADOR DE NÚMERO DE CONTROL
campo de control ES-MaACL
005 - FECHA Y HORA DE LA ÚLTIMA TRANSACCIÓN
campo de control 20250725063203.0
007 - CAMPO FIJO DE DESCRIPCIÓN FÍSICA--INFORMACIÓN GENERAL
campo de control de longitud fija t|
008 - DATOS DE LONGITUD FIJA--INFORMACIÓN GENERAL
campo de control de longitud fija 950801d17841791sp | | 1 ||pa d
080 ## - NÚMERO DE LA CLASIFICACIÓN DECIMAL UNIVERSAL
Número de la Clasificación Decimal Universal (051)
080 ## - NÚMERO DE LA CLASIFICACIÓN DECIMAL UNIVERSAL
Número de la Clasificación Decimal Universal 008
245 00 - MENCIÓN DEL TÍTULO
Título Memorial literario, instructivo y curioso de la corte de Madrid.
260 ## - PUBLICACIÓN, DISTRIBUCIÓN, ETC.
Lugar de publicación, distribución, etc. Madrid :
Nombre del editor, distribuidor, etc. Imp. Real,
Fecha de publicación, distribución, etc. 1784-1808.
300 ## - DESCRIPCIÓN FÍSICA
Extensión v ;
Dimensiones 15 cm.
310 ## - PERIODICIDAD ACTUAL
Periodicidad actual 2 n. al mes
362 0# - FECHAS DE PUBLICACIÓN Y/O DESIGNACIÓN SECUENCIAL
Fecha de publicación y/o designación secuencial T. 1 (en. 1784)-en. 1791
530 ## - NOTA DISPONIBLE DE FORMULARIO FÍSICO ADICIONAL
Nota de formato físico adicional disponible Disponible en formato digital
650 #7 - PUNTO DE ACCESO ADICIONAL DE MATERIA--TÉRMINO DE MATERIA
Término de materia o nombre geográfico como elemento de entrada Cultura
Fuente del encabezamiento o término embne
9 (RLIN) 170963
785 00 - ENTRADA/ENLACE A UN TÍTULO POSTERIOR
Título Continuación del Memorial literario instructivo y curioso de la corte de Madrid
Información calificativa T. 1 (jul. 1793)-t. 28 (dic. 1797)
852 ## - LOCALIZACIÓN
Ubicación ES-MaACL
Ubicación en estantería Depósito
Número de control de estantería R-544-73
Encuadernación Olim: G-637-66
852 ## - LOCALIZACIÓN
Ubicación ES-MaACL
Ubicación en estantería Depósito
Signatura antigua Olim: D- 4782-93
Marcas de propiedad Ex libris de la "Biblioteca de D. A. Cánovas del Castillo"
Número de control de estantería R-589-600
856 ## - LOCALIZACIÓN Y ACCESO ELECTRÓNICOS
Identificador Uniforme de Recursos <a href="https://hemerotecadigital.bne.es/hd/issn/1576-9801">https://hemerotecadigital.bne.es/hd/issn/1576-9801</a>
Texto de enlace Versión en línea
Nota pública (Hemeroteca Digital)
856 ## - LOCALIZACIÓN Y ACCESO ELECTRÓNICOS
Identificador Uniforme de Recursos <a href="https://hemerotecadigital.bne.es/hd/issn/1576-981X">https://hemerotecadigital.bne.es/hd/issn/1576-981X</a>
Texto de enlace Versión en línea: Continuación del Memorial literario instructivo y curioso de la corte de Madrid
Nota pública Hemeroteca Digital
866 #0 - MENCIÓN TEXTUAL DE FONDOS--UNIDAD BIBLIOGRÁFICA BÁSICA
Fondos 1784-1795.
866 #0 - MENCIÓN TEXTUAL DE FONDOS--UNIDAD BIBLIOGRÁFICA BÁSICA
Fondos 1784(1785 f. en. y nov.)(1786 f. febr., abril, ag. y oct.).
942 ## - ELEMENTOS DE ENTRADA SECUNDARIOS (KOHA)
Fuente del sistema de clasificación o colocación Clasificación decimal universal
Tipo de ítem Koha Revista
Suprimir en OPAC No
Holdings
Estatus retirado Estado de pérdida Estado de daño No para préstamo Colección Biblioteca de origen Biblioteca actual Ubicación en estantería Fecha de adquisición Fuente de adquisición Total de préstamos Signatura topográfica completa Código de barras Visto por última vez Precio de reemplazo Tipo de ítem Koha
        Colección digital Biblioteca del Ateneo de Madrid Biblioteca del Ateneo de Madrid Depósito 17/01/2008     R-589-600 1001476 23/02/2023 23/02/2023 Revista
        Colección digital Biblioteca del Ateneo de Madrid Biblioteca del Ateneo de Madrid Depósito 17/01/2008     R-544-73 1001475 23/02/2023 23/02/2023 Revista